Control of flea btlean green mustard at royal university of agriculture, ការគ្រប់គ្រងសត្វទៀកគូ នៅលើដំណាំស្ពៃខៀវ នៅសាកលវិទ្យាល័យភូមិន្ទកសិកម្ម (Record no. 7622)

000 -LEADER
fixed length control field 00654nam a22001337a 4500
040 ## - CATALOGING SOURCE
Transcribing agency RUA
082 ## - DEWEY DECIMAL CLASSIFICATION NUMBER
Classification number AGR HUN 2009 B471 Or.1
100 ## - MAIN ENTRY--AUTHOR NAME
Personal name HUN DARA ; ហ៊ុន ដារ៉ា
245 ## - TITLE STATEMENT
Title Control of flea btlean green mustard at royal university of agriculture, ការគ្រប់គ្រងសត្វទៀកគូ នៅលើដំណាំស្ពៃខៀវ នៅសាកលវិទ្យាល័យភូមិន្ទកសិកម្ម
260 ## - PUBLICATION, DISTRIBUTION, ETC. (IMPRINT)
Place of publication Phnom Penh
Name of publisher RUA
Year of publication 2009
300 ## - PHYSICAL DESCRIPTION
Number of Pages xii ;52p.
Other physical details ill.
Dimensions 29cm.
856 ## - ELECTRONIC LOCATION AND ACCESS
Uniform Resource Identifier https://drive.google.com/file/d/1lDGtDT20P9cjxSLg2jGfcKX6Var8Dw_0/view?usp=sharing
942 ## - ADDED ENTRY ELEMENTS (KOHA)
Koha item type AGR
952 ## - LOCATION AND ITEM INFORMATION (KOHA)
Withdrawn status [LOCAL, KOHA] 0
952 ## - LOCATION AND ITEM INFORMATION (KOHA)
Withdrawn status [LOCAL, KOHA] 0
Holdings
Koha item type Barcode Lost status Permanent Location Current Location Date acquired Full call number
AGRRUA057387 Library Block BLibrary Block B2016-03-16AGR HUN 2009 B471 Or.1
AGRA02899 Library Block BLibrary Block B2016-09-15AGR HUN 2009 B471 Or.2
មជ្ឈមណ្ឌលឯការនៃសាកលវិទ្យាល័យភូមិន្ទកសិកម្មចំការដូង

Powered by Koha